000 00608nam a2200217 a 4500
001 BRL_501
005 20190320210754.0
008 210813s1975----mx-a#####l---#000-0#spa-#
041 _aspa
044 _amx
050 4 _aKGF2914.1917
_b.C66 1975
110 2 _aMéxico
_924120
245 1 0 _aConstitución Política de los Estados Unidos Mexicanos
260 _aMéxico
_bSecretaría de Gobernación
_c1975
300 _a134 p.
_bil.
_c38 cm.
500 _apresenta roturas en las orillas de la cubierta
500 _aAu2377
650 1 4 _aConstituciones
_zMéxico
_924121
902 _aGRL
942 _2lcc
_cB
999 _c9313
_d9313